00379nam a22001337a 4500020001800000040000900018082001200027100001900039110003800058245006700096250001700163260004200180650002300222 a9788131717967 cNUST a530 YOU a Young, Hugh D aFreedman, Roger A Ford, A. Lewis aSears and Zemansky's University Physics :bWith Modern Physics a12th Edition aNew Delhi:bPearson Education,c2008. aUniversity Physics